| 000 | 00485nam a22001937a 4500 | ||
|---|---|---|---|
| 003 | CEME | ||
| 005 | 20210628204011.0 | ||
| 008 | 210126b xxu||||| |||| 00| 0 eng d | ||
| 020 | _a0-7106-2539-1 | ||
| 040 | _c. | ||
| 082 | _a355-AA JAN | ||
| 100 |
_aFoss, Christopher F _960889 |
||
| 245 | _aJanes armour and artillery | ||
| 250 | _a24TH | ||
| 260 |
_aUSA _bJANES INFORMATION GROUP _c2003 |
||
| 300 | _a951P | ||
| 650 |
_aJANE'S ARMOUR AND ARTILLERY _968200 |
||
| 942 |
_cBK _2ddc |
||
| 999 |
_c575821 _d575821 |
||